Dlhová a úverová politika ako súčasť finančnej politiky podniku

Otázky dlhovej a úverovej politiky podniku. Prednosti dlhového financovania. Rozhodovanie o optimálnej finančnej štruktúre.

Salvato in:
Dettagli Bibliografici
Autore principale: Hyránek, Eduard, 1955-
Natura: Capitolo di libro
Lingua:slovacco
Soggetti:
Tags: Aggiungi Tag
Nessun Tag, puoi essere il primo ad aggiungerne!!

MARC

LEADER 00000naa$a2200000$$$4500
001 0073379
005 20240502071853.9
041 0 |a slo 
044 |a SK 
245 1 0 |a Dlhová a úverová politika ako súčasť finančnej politiky podniku  |c Eduard Hyránek 
520 |a Otázky dlhovej a úverovej politiky podniku. Prednosti dlhového financovania. Rozhodovanie o optimálnej finančnej štruktúre. 
610 2 0 |a politika úverová 
610 2 0 |a politika finančná 
610 2 0 |a financovanie podnikov 
610 2 0 |a úver obchodný 
100 1 |a Hyránek, Eduard, 1955-